zpět

Detail výsledku týmu

Hostinec Rynárec, Rynárec

Datum a čas kvízu

29 Celkem bodů Celkový počet nahraných bodů na tomto kvízu bez doplňovacích otázek.
5. Pořadí na kvízu Konečné umístění týmu na tomto kvízu.

Zaznamenané odpovědi

# Otázka Odpověď Body Výsledky
1. S návrhem na přejmenování jedn... o Ústeckém kraji 0
2. Kvůli nalezené pumě z 2. světo... v Drážďanech 1
3. Bývalý člen jedné britské chla... Harry Styles 1
4. Minulý týden byl vypuštěn do s... Mafia; Domovina (The Old Country) 1
5. Minulý týden kolovalo sociální... Nizozemci 0
6. Zobrazená ryba pocházející z A... mečovka 1
7. Chovatelé želv, ptáků i nejrůz... vápníku 1
8. Pokud máte psa s průkazem půvo... dysplazie kyčelního kloubu 0
9. Do hraček a dalšího příslušens... šanta 0
10. V poslední otázce přejdeme od... podkladek 1